=LDR 00000nam 2200000 4500 =001 INLIS000000000009431 =005 20230220091640 =035 ##$$a 0010-061300000009431 =008 230220###########################0###### =041 ##$$a Ind =082 ##$$a 234.2 =090 ##$$a 248.4, Dar p =100 ##$$a Darmawijaya, s.t =245 1#$$a 12 Pola Keluarga Beriman /$c ST. Darmawijaya =260 ##$$a Yogyakarta :$b Bina Keluarga,$c 1994 =300 ##$$a 152 hlm ; $c 20 cm =650 #4$$a Iman-Kristen =020 ##$$a 979-497-166-9 =084 ##$$a 234.2 DAR s =990 ##$$a DW00022379 =990 ##$$a DW00022380 =990 ##$$a 116.788/Pro-97 =990 ##$$a DW00022380